Normal view
MARC view
Entry Personal Name
001 - CONTROL NUMBER
- control field: 46422
003 - CONTROL NUMBER IDENTIFIER
- control field: dpl
005 - DATE AND TIME OF LATEST TRANSACTION
- control field: 20120504142136.0
008 - FIXED-LENGTH DATA ELEMENTS
- fixed length control field: 120504|||a|||||| | ||| d
040 ## - CATALOGING SOURCE
- Original cataloging agency: dpl
- Transcribing agency: dpl
100 ## - HEADING--PERSONAL NAME
- Personal name: Dholakia, Ravindra H.
670 ## - SOURCE DATA FOUND
- Source citation: Work cat.: (dpl): Dholakia, Ravindra H., Microeconomics for management students /, 1999
670 ## - SOURCE DATA FOUND
- Source citation: Work cat.: (dpl): Dholakia, Ravindra H., Microeconomics for management students /, 1999
